Holiday Quiz

Random Holiday or Alphabet Quiz
Score 0/20 Timer 06:00
2 Plays Today
Hint % Correct
First HalfChristmas Eve
92.2%
First HalfLabor Day
90.8%
Last HalfPassover
90.1%
First HalfFather's Day
89.8%
Last HalfNew Year's Eve
89.5%
First HalfThanksgiving
88.9%
Last HalfValentine's Day
87.8%
First HalfBastille Day
87%
First HalfDiwali
82.8%
First HalfRamadan
82.7%
Hint % Correct
First HalfSt. Patrick's Day
81.1%
Last HalfPi Day
75.4%
Last HalfEaster
74%
Last HalfHalloween
73.8%
First HalfGuy Fawkes Night
73.1%
Last HalfFestivus
68.1%
Last HalfBoxing Day
67.2%
Last HalfTalk Like A Pirate Day
45.3%
Last HalfIndependence Day
44%
First HalfSukkot
19.6%
Come Together.
Have Fun.
All Virtual.
We all need to come together. Play Sporcle's virtual live trivia to have fun, connect with people, and get your trivia on. Join a live hosted trivia game for your favorite pub trivia experience done virtually. If a virtual private party is more your thing, go here for details.

You're not logged in!

Compare scores with friends on all Sporcle quizzes.
OR
Log In

Sporcle TV

Today on Sporcle TV


Watch our educational content, quiz creation guides, and fun videos on Sporcle TV.

Show Comments

Extras

Top Quizzes Today


Score Distribution

Paid Content

Your Account Isn't Verified!

In order to create a playlist on Sporcle, you need to verify the email address you used during registration. Go to your Sporcle Settings to finish the process.

Report this User

Report this user for behavior that violates our Community Guidelines.

Details: